000 00491nam a2200193Ia 4500
008 160418s9999 xx 000 0 und d
020 _a971-550-157-5
050 _aFIL PL 6058.8
050 _b.F73 1995
100 _aFrancisco, Lazaro.
245 _aDaluyong /
245 _cLazaro Francisco.
260 _aQuezon City:
260 _bAteneo De Manila University Press,
260 _c1995
300 _a383 pages :
300 _c18 cm.
650 _aPhilippine fiction (Tagalog).
999 _c293578
_d293578